[Event "30th WCh U20 Girls"]
[Site "Athens GRE"]
[Date "2012.08.05"]
[Round "4"]
[White "Abdumalik, Zhansaya"]
[Black "Liao, Simone"]
[Result "1-0"]
[WhiteElo "2193"]
[BlackElo "1933"]
[EventDate "2012.08.02"]
[PlyCount "119"]

1.e4 e6 2.d4 d5 3.Nd2 Nf6 4.e5 Nfd7 5.Bd3 c5 6.c3 Nc6 7.Ne2 cxd4 8.cxd4 f6
9.exf6 Nxf6 10.Nf3 Bd6 11.O-O Qb6 12.Nc3 O-O 13.Re1 Kh8 14.Be3 Bd7 15.a3 
Be8 16.Ng5 Bh5 17.Be2 Bxe2 18.Rxe2 Rae8 19.h3 Bb8 20.Nf3 Nh5 21.Nh2 Nf4 
22.Rc2 Qc7 23.Nf1 Qf7 24.Ne2 Qg6 25.Nfg3 Nxe2+ 26.Nxe2 Ne7 27.Rc3 Nf5 28.
Qd3 e5 29.dxe5 Bxe5 30.Rb3 Qf6 31.Bxa7 d4 32.f4 Ne3 33.Bxd4 Bxd4 34.Qxd4 
Qe6 35.Rb6 Qe7 36.Qe5 Qd7 37.Qd4 Qe7 38.Qe5 Qd7 39.Rd6 Qc7 40.Re6 Qd7 41.
Nd4 Nc2 42.Rd1 Rxe6 43.Qxe6 Qc7 44.Nxc2 Qxc2 45.Qd6 Re8 46.Rd2 Qc1+ 47.Kh2
h6 48.a4 Qe1 49.b4 h5 50.Qg6 Qe3 51.Qxh5+ Kg8 52.Qd5+ Kh8 53.Qd4 Qe1 54.
Qd6 Re6 55.Qf8+ Kh7 56.Qf5+ Rg6 57.Qh5+ Rh6 58.Qe2 Qh4 59.Qe4+ Rg6 60.Rd6 
1-0

[Event "30th WCh U20 Girls"]
[Site "Athens GRE"]
[Date "2012.08.05"]
[Round "4"]
[White "Iordanidou, Zoi"]
[Black "Cemhan, Kardelen"]
[Result "1-0"]
[WhiteElo "2166"]
[BlackElo "1938"]
[EventDate "2012.08.02"]
[PlyCount "83"]

1.e4 c5 2.Nc3 e6 3.d3 Nc6 4.f4 d5 5.Nf3 dxe4 6.dxe4 Qxd1+ 7.Nxd1 Nf6 8.Bd3
Be7 9.O-O O-O 10.Nf2 a6 11.Rd1 Rd8 12.Bd2 Rb8 13.e5 Nd5 14.c4 Nc7 15.Be4 
Bd7 16.Be3 Be8 17.Nd3 b6 18.Rab1 Na5 19.b3 Bc6 20.Nf2 b5 21.Rxd8+ Rxd8 22.
Bxc6 Nxc6 23.Ne4 Nd4 24.Kf2 f5 25.Nxc5 Bxc5 26.Rd1 Nd5 27.cxd5 Nxf3 28.
Bxc5 Nxh2 29.d6 Ng4+ 30.Ke2 Rd7 31.Bb6 Kf7 32.Rc1 g5 33.Kf3 Nh2+ 34.Kg3 
Ng4 35.Rc7 Ke8 36.Rc8+ Kf7 37.Rh8 h6 38.Rh7+ Ke8 39.Rh8+ Kf7 40.b4 Kg7 41.
Rd8 Rb7 42.d7 1-0

[Event "30th WCh U20 Girls"]
[Site "Athens GRE"]
[Date "2012.08.05"]
[Round "4"]
[White "Chiarion, Elisa"]
[Black "Pon Krithikha, Namasivayam"]
[Result "1-0"]
[WhiteElo "1978"]
[BlackElo "2119"]
[EventDate "2012.08.02"]
[PlyCount "97"]

1.e4 Nf6 2.Nc3 d5 3.e5 d4 4.exf6 dxc3 5.fxg7 cxd2+ 6.Bxd2 Bxg7 7.Qf3 Qd4 
8.Bc3 Qg4 9.Bxg7 Qxg7 10.O-O-O Nc6 11.Qg3 O-O 12.Rd5 f6 13.Nf3 e5 14.Bd3 
Ne7 15.Rc5 c6 16.Nh4 Kh8 17.Qxg7+ Kxg7 18.Re1 Ng6 19.g3 Bd7 20.f4 exf4 21.
Rh5 fxg3 22.hxg3 Bg4 23.Rxh7+ Kxh7 24.Nxg6 Rfe8 25.Rxe8 Rxe8 26.Ne5+ Kh6 
27.Nxg4+ Kg5 28.Nf2 f5 29.Kd2 b6 30.Be2 Kf6 31.Bf3 c5 32.g4 f4 33.Be4 Ke5 
34.Ke2 c4 35.Kf3 Rh8 36.g5 Rf8 37.Ng4+ Ke6 38.Nf6 Rd8 39.Kxf4 Rd1 40.Bf5+ 
Ke7 41.Ne4 Ra1 42.Nc3 Rg1 43.g6 Kf6 44.Nd5+ Kg7 45.Ke5 Ra1 46.Nf4 Rxa2 47.
Ne6+ Kg8 48.Kf6 Ra1 49.Nf4 1-0

[Event "30th WCh U20 Girls"]
[Site "Athens GRE"]
[Date "2012.08.05"]
[Round "4"]
[White "Lolici, Iselin-Amanda"]
[Black "Edes, Zsofia"]
[Result "1-0"]
[WhiteElo "1967"]
[BlackElo "2081"]
[EventDate "2012.08.02"]
[PlyCount "54"]

1.c4 Nf6 2.g3 e6 3.Bg2 d5 4.Nf3 dxc4 5.Qa4+ Nbd7 6.Qxc4 a6 7.O-O c5 8.d4 
b5 9.Qc2 Qb6 10.Bf4 Bb7 11.dxc5 Bxc5 12.Nc3 Rc8 13.a3 O-O 14.b4 Bxf2+ 15.
Rxf2 Ne4 16.e3 Rxc3 17.Qb2 Rfc8 18.Re2 f6 19.Rd1 e5 20.Rxd7 exf4 21.Qa2+ 
R8c4 22.gxf4 Rxe3 23.Kf1 Rxe2 24.Qxe2 Qc6 25.Rd8+ Kf7 26.Qd3 Rc1+ 27.Ne1 
Bc8 1-0

[Event "30th WCh U20 Girls"]
[Site "Athens GRE"]
[Date "2012.08.05"]
[Round "4"]
[White "Messam-Sparks, Lateefah"]
[Black "Imeeva, Aisa"]
[Result "0-1"]
[WhiteElo "1947"]
[BlackElo "2095"]
[EventDate "2012.08.02"]
[PlyCount "96"]

1.d4 Nf6 2.c4 e6 3.Nc3 Bb4 4.Qc2 O-O 5.a3 Bxc3+ 6.Qxc3 Ne4 7.Qc2 f5 8.Nh3 
d6 9.e3 c5 10.f3 Nf6 11.dxc5 dxc5 12.Be2 e5 13.Nf2 Nc6 14.O-O Qe7 15.Qc3 
a5 16.b3 Be6 17.Nd3 Bf7 18.Bb2 Rfe8 19.Rae1 b6 20.Bd1 Qe6 21.a4 Rad8 22.
Nf2 Nb4 23.Ba1 Bg6 24.Bc2 Rd7 25.Bb1 e4 26.f4 Bh5 27.Qe5 Nd3 28.Bxd3 exd3 
29.Rb1 Be2 30.Rfe1 Qxe5 31.Bxe5 Ng4 32.Nxg4 Bxg4 33.h3 Bh5 34.Kf2 d2 35.
Red1 Rd3 36.g4 fxg4 37.hxg4 Bxg4 38.Rg1 d1=Q 39.Rbxd1 Bxd1 40.Rxg7+ Kf8 
41.Rxh7 Bxb3 42.Rb7 Re6 43.Bg7+ Kg8 44.f5 Rexe3 45.f6 Rf3+ 46.Kg2 Bxc4 47.
Rxb6 Bd5 48.Kh2 Rd2+ 0-1

[Event "30th WCh U20 Girls"]
[Site "Athens GRE"]
[Date "2012.08.05"]
[Round "4"]
[White "Owens, Megan"]
[Black "Semenova, Elena"]
[Result "1/2-1/2"]
[WhiteElo "1816"]
[BlackElo "2134"]
[EventDate "2012.08.02"]
[PlyCount "81"]

1.c4 e5 2.g3 Nf6 3.Bg2 Nc6 4.Nc3 Bb4 5.Nd5 Bc5 6.e3 Nxd5 7.cxd5 Ne7 8.Ne2 
d6 9.h3 O-O 10.O-O c6 11.dxc6 Nxc6 12.d4 Bb6 13.dxe5 dxe5 14.Bd2 Qf6 15.
Bc3 Rd8 16.Qa4 Bd7 17.Qh4 Qxh4 18.gxh4 Be6 19.b3 Rd7 20.Rfd1 Rad8 21.Rxd7 
Rxd7 22.Rc1 f6 23.Ng3 Ne7 24.Bb4 Kf7 25.Ne4 Nd5 26.Nd6+ Kg6 27.Bxd5 Bxd5 
28.e4 Be6 29.Rc3 h5 30.Rg3+ Kh6 31.Kg2 Bd8 32.Ne8 f5 33.Bf8 Bxh4 34.Bxg7+ 
Kh7 35.Nf6+ Bxf6 36.Bxf6 fxe4 37.Bxe5 Rd3 38.Rg7+ Kh6 39.Rg3 Bd5 40.Bf4+ 
Kh7 41.Be3 1/2-1/2

[Event "30th WCh U20 Girls"]
[Site "Athens GRE"]
[Date "2012.08.05"]
[Round "4"]
[White "Koutsogiannopoulou, Theodora"]
[Black "Sargsian, Shushanna"]
[Result "0-1"]
[WhiteElo "1897"]
[BlackElo "2047"]
[EventDate "2012.08.02"]
[PlyCount "76"]

1.d4 d5 2.c4 c6 3.Nc3 Nf6 4.Nf3 e6 5.Bg5 dxc4 6.e3 b5 7.a4 Bb4 8.Be2 Bb7 
9.O-O a6 10.Qc2 Nbd7 11.Ne4 Be7 12.Ng3 h6 13.Bf4 Nd5 14.Be5 Nxe5 15.Nxe5 
O-O 16.Bh5 Qc7 17.Qe4 Nf6 18.Qf4 Bd6 19.Rfd1 c5 20.Bf3 Bxf3 21.gxf3 Nd5 
22.Qg4 f5 23.Qh5 Bxe5 24.dxe5 Qxe5 25.axb5 axb5 26.Rxa8 Rxa8 27.e4 Nf6 28.
Qg6 f4 29.Ne2 b4 30.Kh1 Qg5 31.Qxg5 hxg5 32.h4 gxh4 33.Nxf4 Kf7 34.Rc1 e5 
35.Nh3 c3 36.bxc3 b3 37.Rb1 c4 38.Ng5+ Ke7 0-1

[Event "30th WCh U20 Girls"]
[Site "Athens GRE"]
[Date "2012.08.05"]
[Round "4"]
[White "Serefidou, Despina"]
[Black "Kolaric, Spela"]
[Result "1-0"]
[WhiteElo "1865"]
[BlackElo "2071"]
[EventDate "2012.08.02"]
[PlyCount "69"]

1.e4 c5 2.Nf3 e6 3.d4 cxd4 4.Nxd4 a6 5.Bd3 Nc6 6.Nb3 Nf6 7.Nc3 Be7 8.O-O 
O-O 9.Qe2 e5 10.Nd5 d6 11.Bd2 Nxd5 12.exd5 Nb8 13.f4 Nd7 14.c4 Bf6 15.Rf3 
exf4 16.Bxh7+ Kxh7 17.Rh3+ Kg8 18.Qh5 Bh4 19.Rxh4 f6 20.Bxf4 Ne5 21.Bxe5 
dxe5 22.Qg6 Qe8 23.Qh7+ Kf7 24.Nc5 Qe7 25.Qh5+ Kg8 26.Ne4 g5 27.Qh8+ Kf7 
28.Rh7+ Kg6 29.Rh6+ Kf5 30.Ng3+ Kg4 31.Rh4+ gxh4 32.Qh5+ Kf4 33.Ne2+ Ke3 
34.Qf3+ Kd2 35.Qc3+ 1-0

[Event "30th WCh U20 Girls"]
[Site "Athens GRE"]
[Date "2012.08.05"]
[Round "4"]
[White "Medeiros, Thauane Ferreira"]
[Black "Anusca, Madalina-Maria"]
[Result "0-1"]
[WhiteElo "1855"]
[BlackElo "2079"]
[EventDate "2012.08.02"]
[PlyCount "88"]

1.d4 d5 2.e3 Nf6 3.Bd3 g6 4.Nd2 Bg7 5.f4 Nbd7 6.Ngf3 c5 7.c3 O-O 8.f5 Ng4 
9.fxg6 fxg6 10.Qe2 e5 11.h3 Nh6 12.e4 exd4 13.cxd4 cxd4 14.O-O Nc5 15.Bb1 
dxe4 16.Nxe4 Nxe4 17.Bxe4 Nf5 18.Ng5 Nd6 19.Rxf8+ Qxf8 20.Nxh7 Qe8 21.Ng5 
Nxe4 22.Qxe4 Qxe4 23.Nxe4 d3 24.Nf2 Bd4 25.Kf1 b6 26.Nxd3 Ba6 27.Ke2 Rd8 
28.Bg5 Bxd3+ 29.Kd2 Rd5 30.Kxd3 Bxb2+ 31.Ke4 Re5+ 32.Kd3 Bxa1 33.Bf6 Re1 
34.Bh4 Rg1 35.g3 g5 36.Bxg5 Rxg3+ 37.Be3 Rxh3 38.Ke4 Rh2 39.a4 Rh4+ 40.Bf4
Bc3 41.Kf3 Kf7 42.Kg3 Be1+ 43.Kf3 Ke6 44.a5 Rxf4+ 0-1

[Event "30th WCh U20 Girls"]
[Site "Athens GRE"]
[Date "2012.08.05"]
[Round "4"]
[White "Dominguez, Gisella"]
[Black "Lefevre, Margaux"]
[Result "1/2-1/2"]
[WhiteElo "1831"]
[BlackElo "2043"]
[EventDate "2012.08.02"]
[PlyCount "123"]

1.e4 c5 2.Nc3 d6 3.f4 g6 4.Nf3 Bg7 5.Bc4 Nc6 6.O-O Nf6 7.a4 O-O 8.d3 a6 9.
Qe1 Nd4 10.Nxd4 cxd4 11.Nd5 Nxd5 12.Bxd5 e6 13.Bb3 b6 14.Bd2 Ra7 15.e5 Re8
16.Qg3 f6 17.exf6 Qxf6 18.f5 gxf5 19.Qxd6 Bf8 20.Qxb6 Rg7 21.Bf4 Bb7 22.
Rf2 Qg6 23.g3 Rd7 24.Be5 Bg7 25.Re1 Bc8 26.Bxg7 Rxg7 27.Qxd4 h5 28.Qf4 Kh7
29.Rfe2 Qf7 30.Re5 Rg4 31.Qf2 f4 32.R1e4 Qg7 33.Rxh5+ Kg6 34.Rh4 Rxh4 35.
gxh4 Kf5+ 36.Kf1 e5 37.Qg1 Qh6 38.Qg5+ Qxg5 39.hxg5 Kxg5 40.d4 Kg4 41.Rxe5
Rh8 42.Kg1 Rh6 43.c4 f3 44.Re8 Bf5 45.Rg8+ Kf4 46.d5 Rb6 47.Bd1 Rxb2 48.
Rg3 Be4 49.Bxf3 Bxf3 50.d6 Rd2 51.c5 Bc6 52.Rb3 Bxa4 53.Rb6 Kf3 54.h4 Kg3 
55.Kf1 Rc2 56.Ke1 a5 57.h5 Rxc5 58.h6 Rh5 59.Ra6 Bd7 60.Ra8 Re5+ 61.Kd2 
Rd5+ 62.Kc3 1/2-1/2

[Event "30th WCh U20 Girls"]
[Site "Athens GRE"]
[Date "2012.08.05"]
[Round "4"]
[White "Kalaydina, Regina Veronicka"]
[Black "Vatkali, Dimitra"]
[Result "0-1"]
[WhiteElo "1928"]
[BlackElo "1936"]
[EventDate "2012.08.02"]
[PlyCount "82"]

1.d4 Nf6 2.c4 e6 3.Nf3 Bb4+ 4.Bd2 Bxd2+ 5.Qxd2 b6 6.Nc3 Bb7 7.Qc2 d6 8.e3 
Nbd7 9.Bd3 O-O 10.O-O Re8 11.Ng5 h6 12.Nge4 Nxe4 13.Nxe4 f5 14.Ng3 g6 15.
f4 Qh4 16.e4 Nf6 17.Rae1 Ng4 18.h3 Qxg3 19.hxg4 Qxg4 20.d5 fxe4 21.Bxe4 
exd5 22.cxd5 Re7 23.Bf3 Qd7 24.Qxg6+ Rg7 25.Qxh6 Qa4 26.Qe6+ Kh8 27.Qe4 
Qxa2 28.Qd4 Kg8 29.Re3 Qa5 30.Rfe1 Rf8 31.Qe4 Bc8 32.b4 Qa2 33.R3e2 Qb3 
34.Re3 Qb2 35.Qc4 Qf6 36.Re8 Rf7 37.Rxf8+ Rxf8 38.Qxc7 Qd4+ 39.Kh2 Qxf4+ 
40.Kg1 Qd4+ 41.Kh1 Qh4+ 0-1

[Event "30th WCh U20 Girls"]
[Site "Athens GRE"]
[Date "2012.08.05"]
[Round "4"]
[White "York-Andersen, Anna"]
[Black "Bucar, Natasa"]
[Result "0-1"]
[WhiteElo "1828"]
[BlackElo "2022"]
[EventDate "2012.08.02"]
[PlyCount "70"]

1.e4 c5 2.c4 Nc6 3.Nc3 g6 4.g3 Bg7 5.Bg2 d6 6.Nge2 Nf6 7.O-O O-O 8.d3 a6 
9.h3 Rb8 10.a4 Ne8 11.Rb1 Nc7 12.f4 e6 13.g4 f5 14.Be3 Nd4 15.b4 e5 16.
gxf5 gxf5 17.b5 axb5 18.axb5 Qh4 19.Bf2 Qh6 20.Bxd4 exd4 21.Nd5 Nxd5 22.
exd5 Bd7 23.Kh2 Rfe8 24.Rf3 Re7 25.Rg3 Rbe8 26.Bf3 Kh8 27.Rg5 Qh4 28.Qf1 
Bh6 29.Rh5 Qf6 30.Rb2 Re3 31.Rd2 Rg8 32.Qf2 Be8 33.Qh4 Qg7 34.Rxh6 Rxe2+ 
35.Qf2 Qg1# 0-1

[Event "30th WCh U20 Girls"]
[Site "Athens GRE"]
[Date "2012.08.05"]
[Round "4"]
[White "Terzidaki, Alexandra"]
[Black "Moura, Danielle Sena"]
[Result "0-1"]
[WhiteElo "1958"]
[BlackElo "1876"]
[EventDate "2012.08.02"]
[PlyCount "66"]

1.e4 Nf6 2.e5 Nd5 3.c4 Nb6 4.d4 d6 5.f4 g6 6.Nf3 Bg7 7.Be3 Be6 8.Nbd2 dxe5
9.fxe5 c5 10.d5 Bg4 11.Be2 N8d7 12.e6 fxe6 13.Ng5 Bxe2 14.Qxe2 Qc7 15.Ndf3
Nf8 16.dxe6 h6 17.Nf7 Rh7 18.Qc2 Qc6 19.O-O-O Qxe6 20.Rhe1 Qxf7 21.Bxc5 
Qf4+ 22.Kb1 Bf6 23.Qb3 Qxc4 24.Qa3 Nfd7 25.Rc1 Qd5 26.Bb4 Qf5+ 27.Ka1 Nd5 
28.Bd2 N7b6 29.Rc5 Qd7 30.Ba5 Rc8 31.Rd1 Bxb2+ 32.Kxb2 Rxc5 33.Qxc5 Na4+ 
0-1

[Event "30th WCh U20 Girls"]
[Site "Athens GRE"]
[Date "2012.08.05"]
[Round "4"]
[White "Tuzi, Bruna"]
[Black "Frey, Alisa"]
[Result "0-1"]
[WhiteElo "1546"]
[BlackElo "2035"]
[EventDate "2012.08.02"]
[PlyCount "44"]

1.e4 e5 2.Nf3 Nc6 3.Bc4 Nf6 4.d3 Be7 5.c3 d6 6.Bb3 O-O 7.O-O Na5 8.Bc2 c5 
9.Re1 Nc6 10.Nbd2 Re8 11.Nf1 h6 12.Be3 Bf8 13.Ng3 d5 14.h3 Be6 15.d4 cxd4 
16.cxd4 Bb4 17.Re2 dxe4 18.Nxe4 Bc4 19.Nxf6+ Qxf6 20.dxe5 Nxe5 21.Nxe5 
Qxe5 22.Bh7+ Kxh7 0-1

[Event "30th WCh U20 Girls"]
[Site "Athens GRE"]
[Date "2012.08.05"]
[Round "4"]
[White "Narva, Triin"]
[Black "Psofimi, Milia"]
[Result "1-0"]
[WhiteElo "2028"]
[BlackElo "1437"]
[EventDate "2012.08.02"]
[PlyCount "97"]

1.e4 e5 2.Nc3 Nf6 3.g3 g6 4.Bg2 Bg7 5.d3 d6 6.Nge2 Bd7 7.O-O O-O 8.h3 Bc6 
9.g4 Nbd7 10.d4 Nb6 11.d5 Bd7 12.Ng3 Bc8 13.Qd3 Nbd7 14.Be3 b6 15.Qd2 Bb7 
16.Bh6 Ne8 17.Kh2 Qe7 18.Rg1 a6 19.Bf1 Kh8 20.Be2 Rg8 21.Nd1 Qf8 22.Be3 
Nc5 23.c4 a5 24.Nc3 Ba6 25.h4 Qe7 26.Kg2 Bf6 27.Rh1 Bg7 28.h5 Nf6 29.hxg6 
fxg6 30.Rh3 Raf8 31.Rah1 Rf7 32.g5 Nh5 33.Nxh5 gxh5 34.Bxh5 Bh6 35.Bxf7 
Qxf7 36.Rxh6 Bxc4 37.Qd1 Ba6 38.Rxh7+ Qxh7 39.Rxh7+ Kxh7 40.Qh5+ Kg7 41.
Qh6+ Kf7 42.Qh7+ Rg7 43.g6+ Kf6 44.Bg5+ Kxg5 45.Qxg7 b5 46.Qf7 b4 47.g7 
bxc3 48.g8=Q+ Kh6 49.Qfg6# 1-0

[Event "30th WCh U20 Girls"]
[Site "Athens GRE"]
[Date "2012.08.06"]
[Round "5"]
[White "Bodnaruk, Anastasia"]
[Black "Bulmaga, Irina"]
[Result "1/2-1/2"]
[WhiteElo "2414"]
[BlackElo "2380"]
[EventDate "2012.08.02"]
[PlyCount "84"]

1.e4 c5 2.Nf3 d6 3.d4 cxd4 4.Nxd4 Nf6 5.Nc3 a6 6.h3 e6 7.g4 Be7 8.g5 Nfd7 
9.h4 Nc6 10.Be3 Qc7 11.Qe2 b5 12.a3 O-O 13.f4 Nxd4 14.Bxd4 Bb7 15.O-O-O e5
16.Be3 d5 17.Nxd5 Bxd5 18.exd5 exf4 19.Bd4 Bd6 20.Bh3 Rfe8 21.Qg2 Ne5 22.
Kb1 Qc4 23.Bc3 Ng6 24.Bg4 Re3 25.Rd4 Qc7 26.Bd2 Rg3 27.Qe2 Qc5 28.c3 Ne5 
29.Bxf4 Rxg4 30.Bxe5 Rxd4 31.Bxd4 Qxd5 32.Re1 Rf8 33.Qg4 Bc5 34.Bxc5 Qxc5 
35.h5 Qc6 36.Qe2 h6 37.gxh6 Qxh6 38.Qe5 Rd8 39.Ka1 Rf8 40.Rg1 Rd8 41.Kb1 
Qh7+ 42.Ka1 Qh6 1/2-1/2

[Event "30th WCh U20 Girls"]
[Site "Athens GRE"]
[Date "2012.08.06"]
[Round "5"]
[White "Cori Tello, Deysi"]
[Black "Guo Qi"]
[Result "1/2-1/2"]
[WhiteElo "2413"]
[BlackElo "2358"]
[EventDate "2012.08.02"]
[PlyCount "66"]

1.d4 d5 2.Nf3 Nf6 3.c4 e6 4.Nc3 Bb4 5.Qa4+ Nc6 6.a3 Bxc3+ 7.bxc3 Ne4 8.Bb2
Bd7 9.Qc2 Na5 10.e3 Nd6 11.cxd5 exd5 12.Bd3 Nac4 13.a4 Qf6 14.Ba3 Bf5 15.
Bxd6 Bxd3 16.Qxd3 Qxd6 17.Nd2 Nxd2 18.Qxd2 O-O 19.O-O c5 20.dxc5 Qxc5 21.
Rab1 b6 22.Rb5 Qc4 23.Rb4 Qc6 24.Rd4 Rac8 25.Rc1 Rfe8 26.Qd1 Re4 27.Rxd5 
Qxa4 28.Qf3 Re7 29.Rcd1 h6 30.h3 Rce8 31.R5d4 Qb3 32.c4 a5 33.Qc6 Re6 
1/2-1/2

[Event "30th WCh U20 Girls"]
[Site "Athens GRE"]
[Date "2012.08.06"]
[Round "5"]
[White "Ziaziulkina, Nastassia"]
[Black "Goryachkina, Aleksandra"]
[Result "1/2-1/2"]
[WhiteElo "2342"]
[BlackElo "2361"]
[EventDate "2012.08.02"]
[PlyCount "81"]

1.e4 c6 2.Nf3 d5 3.Nc3 Bg4 4.h3 Bxf3 5.Qxf3 Nf6 6.Be2 e6 7.O-O Bc5 8.d3 
Nbd7 9.Qg3 O-O 10.Kh1 Bd4 11.Nd1 dxe4 12.Bh6 Ne8 13.dxe4 Kh8 14.Bg5 f6 15.
Bc1 Nc5 16.c3 Be5 17.f4 Bc7 18.Nf2 Nd6 19.Qf3 a5 20.b3 f5 21.e5 Nde4 22.
Nxe4 Nxe4 23.Rd1 Qe7 24.c4 Qh4 25.Kh2 Nf2 26.Ba3 Nxd1 27.Bxf8 Rxf8 28.Rxd1
Rd8 29.Rxd8+ Qxd8 30.Qd3 Qe7 31.Qd4 Qd8 32.Qxd8+ Bxd8 33.g4 g6 34.gxf5 
gxf5 35.Bh5 Kg7 36.Kg3 Kf8 37.Kf3 Bb6 38.Ke2 Ke7 39.Kf3 Bc5 40.Ke2 Bb6 41.
Kf3 1/2-1/2

[Event "30th WCh U20 Girls"]
[Site "Athens GRE"]
[Date "2012.08.06"]
[Round "5"]
[White "Kashlinskaya, Alina"]
[Black "Aulia, Medina Warda"]
[Result "1-0"]
[WhiteElo "2391"]
[BlackElo "2218"]
[EventDate "2012.08.02"]
[PlyCount "55"]

1.e4 e6 2.d4 d5 3.Nd2 Nf6 4.e5 Nfd7 5.c3 c5 6.Bd3 Nc6 7.Ngf3 Qb6 8.O-O 
cxd4 9.cxd4 Nxd4 10.Nxd4 Qxd4 11.Nf3 Qb6 12.Qc2 h6 13.Bd2 Be7 14.b4 O-O 
15.Rab1 Qc6 16.Qd1 Nb6 17.Nd4 Qc7 18.Qh5 f5 19.Rfe1 Nc4 20.Bxh6 Rf7 21.Bf4
Bd7 22.Rb3 Qb6 23.Bxc4 Qxd4 24.Rh3 Rff8 25.Be2 Rfc8 26.Qh8+ Kf7 27.Bh5+ g6
28.Bxg6+ 1-0

[Event "30th WCh U20 Girls"]
[Site "Athens GRE"]
[Date "2012.08.06"]
[Round "5"]
[White "Klek, Hanna-Marie"]
[Black "Wang Jue"]
[Result "1-0"]
[WhiteElo "2248"]
[BlackElo "2355"]
[EventDate "2012.08.02"]
[PlyCount "127"]

1.e4 c5 2.Nf3 e6 3.d4 cxd4 4.Nxd4 Nc6 5.Nc3 a6 6.Nxc6 bxc6 7.Bd3 d5 8.O-O 
Nf6 9.Re1 Be7 10.b3 O-O 11.Qe2 a5 12.Bb2 d4 13.e5 dxc3 14.exf6 Bxf6 15.Ba3
Re8 16.Qe4 g6 17.Qxc6 Bd7 18.Qf3 Bg7 19.Be4 Rb8 20.Rad1 Qc8 21.Bd6 Rb6 22.
Qe3 Ra6 23.a4 Bc6 24.Bd3 Ra8 25.Be5 Bxe5 26.Qxe5 Qb7 27.Be4 Bxe4 28.Rxe4 
f6 29.Qd4 e5 30.Qc4+ Kg7 31.Re3 Rad8 32.Red3 Rxd3 33.Rxd3 Rc8 34.Qe6 Rc7 
35.Rd6 Rf7 36.Rc6 Qb4 37.Qc4 Qa3 38.Qf1 Rd7 39.Rxc3 Rd2 40.Rc7+ Kh6 41.g3 
Qd6 42.Qh3+ Kg5 43.Qh4+ Kf5 44.Qc4 Qd4 45.Qxd4 exd4 46.Kf1 d3 47.cxd3 Rxd3
48.Rxh7 Rxb3 49.Ra7 Ke4 50.Kg2 g5 51.h3 Ra3 52.Rxa5 f5 53.Ra8 f4 54.gxf4 
gxf4 55.a5 Ra1 56.a6 f3+ 57.Kg3 Rg1+ 58.Kh4 Rg7 59.a7 Re7 60.Kg5 Ke5 61.h4
Rg7+ 62.Kh6 Re7 63.h5 Ke6 64.Kg5 1-0

[Event "30th WCh U20 Girls"]
[Site "Athens GRE"]
[Date "2012.08.06"]
[Round "5"]
[White "Arabidze, Meri"]
[Black "Petrova, Irina"]
[Result "1/2-1/2"]
[WhiteElo "2379"]
[BlackElo "2173"]
[EventDate "2012.08.02"]
[PlyCount "64"]

1.d4 Nf6 2.c4 g6 3.Nc3 Bg7 4.e4 d6 5.Nf3 O-O 6.Be2 e5 7.O-O Nc6 8.Be3 Ng4 
9.Bg5 f6 10.Bc1 Kh8 11.h3 exd4 12.Nxd4 Nxd4 13.Qxd4 f5 14.Qd1 Ne5 15.exf5 
Bxf5 16.Be3 Qh4 17.Qc1 Bd3 18.b3 Bxe2 19.Nxe2 Nd3 20.Qd2 Bxa1 21.Rxa1 Ne5 
22.f4 Nc6 23.b4 Rae8 24.Rb1 Qe7 25.Rb3 Qf7 26.b5 Ne7 27.Bd4+ Kg8 28.Ba1 
Nf5 29.Qc3 Qg7 30.Qc1 Qf7 31.Qc3 Qg7 32.Qc1 Qf7 1/2-1/2

[Event "30th WCh U20 Girls"]
[Site "Athens GRE"]
[Date "2012.08.06"]
[Round "5"]
[White "Iordanidou, Zoi"]
[Black "Vojinovic, Jovana"]
[Result "0-1"]
[WhiteElo "2166"]
[BlackElo "2337"]
[EventDate "2012.08.02"]
[PlyCount "90"]

1.e4 e6 2.d3 c5 3.Nf3 d6 4.g3 b6 5.Bg2 Bb7 6.Nbd2 Be7 7.O-O Nc6 8.Re1 Nf6 
9.Nf1 O-O 10.h4 Rc8 11.c3 Ne5 12.Bf4 Nfd7 13.N1h2 b5 14.Bf1 Nxf3+ 15.Nxf3 
Nf6 16.Nh2 a6 17.Bg2 Qd7 18.Qe2 Rfd8 19.Rad1 b4 20.c4 Kh8 21.b3 a5 22.d4 
cxd4 23.Rxd4 Qe8 24.Rdd1 Bc6 25.e5 dxe5 26.Bxc6 Qxc6 27.Bxe5 Rxd1 28.Rxd1 
Ne4 29.Rd3 f6 30.Bb2 Nc5 31.Rd2 a4 32.Qd1 axb3 33.axb3 Qc7 34.Nf3 Rd8 35.
Nd4 e5 36.Nb5 Rxd2 37.Qxd2 Qd8 38.Qxd8+ Bxd8 39.Na7 Nd3 40.Nc6 Bb6 41.Kf1 
Nxb2 42.Nxb4 e4 43.Na6 Nd3 44.b4 Bxf2 45.c5 Nxb4 0-1

[Event "30th WCh U20 Girls"]
[Site "Athens GRE"]
[Date "2012.08.06"]
[Round "5"]
[White "Sihite, Chelsie Monica"]
[Black "Kulon, Klaudia"]
[Result "0-1"]
[WhiteElo "2162"]
[BlackElo "2259"]
[EventDate "2012.08.02"]
[PlyCount "128"]

1.e4 c5 2.Nf3 Nc6 3.d4 cxd4 4.Nxd4 e5 5.Nb5 d6 6.N1c3 a6 7.Na3 b5 8.Nd5 
Nge7 9.Bg5 h6 10.Bh4 Qa5+ 11.c3 Nxd5 12.Qxd5 Qb6 13.f3 Be6 14.Qd2 Be7 15.
Bf2 Qb7 16.Nc2 O-O 17.h4 f5 18.exf5 Bxf5 19.Bd3 e4 20.fxe4 Bh7 21.Ne3 Ne5 
22.Bc2 Bxe4 23.O-O-O Bxc2 24.Qxc2 b4 25.Nd5 bxc3 26.b3 Rae8 27.Bg3 Bd8 28.
Rhe1 Qc8 29.Qxc3 Ba5 30.Qxc8 Rxc8+ 31.Kb1 Bxe1 32.Bxe5 Bxh4 33.Bxd6 Rfd8 
34.Bb4 Kh8 35.Rd4 Bg5 36.Rc4 Rb8 37.Nc7 Rdc8 38.a3 a5 39.Bxa5 Rxb3+ 40.Ka2
Rb7 41.Rc5 Be7 42.Re5 Bf6 43.Re2 Rcxc7 44.Bxc7 Rxc7 45.Kb3 Kg8 46.a4 Kf7 
47.a5 Re7 48.Rf2 Ke6 49.Ka4 Kd5 50.Rc2 Kd6 51.Kb5 Rb7+ 52.Ka6 Rb2 53.Rc1 
Rxg2 54.Rd1+ Kc7 55.Ka7 Rg3 56.a6 Ra3 57.Rd5 Be7 58.Rb5 Bd6 59.Rb7+ Kc8 
60.Rb5 g5 61.Kb6 Bc7+ 62.Ka7 g4 63.Rf5 g3 64.Rf8+ Bd8 0-1

[Event "30th WCh U20 Girls"]
[Site "Athens GRE"]
[Date "2012.08.06"]
[Round "5"]
[White "Schut, Lisa"]
[Black "Sargsian, Shushanna"]
[Result "1-0"]
[WhiteElo "2305"]
[BlackElo "2047"]
[EventDate "2012.08.02"]
[PlyCount "49"]

1.e4 e6 2.d4 d5 3.Nc3 Bb4 4.e5 c5 5.a3 Bxc3+ 6.bxc3 Qc7 7.Qg4 f5 8.Qg3 Nc6
9.Nf3 cxd4 10.cxd4 Nge7 11.Bd2 O-O 12.Bd3 Bd7 13.O-O Be8 14.Rab1 b6 15.Qh4
Bg6 16.Ng5 Qd7 17.Bb5 Rfc8 18.Rb3 a6 19.Bxc6 Rxc6 20.Nxh7 f4 21.Rh3 Bxh7 
22.Qxh7+ Kf8 23.Qh8+ Ng8 24.Bb4+ Kf7 25.Qh5+ 1-0

[Event "30th WCh U20 Girls"]
[Site "Athens GRE"]
[Date "2012.08.06"]
[Round "5"]
[White "Khaled, Mouna"]
[Black "Rodriguez Rueda, Paula Andrea"]
[Result "0-1"]
[WhiteElo "2121"]
[BlackElo "2196"]
[EventDate "2012.08.02"]
[PlyCount "102"]

1.d4 d5 2.Nf3 Nf6 3.c4 c6 4.Qc2 e6 5.Nbd2 Bb4 6.e3 O-O 7.Bd3 Nbd7 8.O-O c5
9.a3 Bxd2 10.Bxd2 b6 11.cxd5 exd5 12.Ne5 c4 13.Bf5 Nxe5 14.dxe5 Bxf5 15.
Qxf5 Ne4 16.Bb4 Re8 17.Rad1 a5 18.Bd6 Nxd6 19.exd6 Qxd6 20.Rxd5 Qe6 21.
Qxe6 fxe6 22.Rb5 Rab8 23.Rc1 Red8 24.Kf1 Rd5 25.a4 Rxb5 26.axb5 Rc8 27.b3 
c3 28.Ke2 Rc5 29.Kd3 Rxb5 30.Rxc3 Rb4 31.Rc8+ Kf7 32.Kc3 Kf6 33.Rc4 Rb5 
34.Ra4 Rc5+ 35.Kd3 Rb5 36.Kc3 Rc5+ 37.Kb2 Rd5 38.Rf4+ Rf5 39.Rxf5+ Kxf5 
40.Kc3 b5 41.f3 Ke5 42.g3 Kd5 43.e4+ Ke5 44.h4 g6 45.Kd3 Kd6 46.f4 Kc5 47.
g4 a4 48.bxa4 bxa4 49.h5 gxh5 50.f5 hxg4 51.f6 Kd6 0-1

[Event "30th WCh U20 Girls"]
[Site "Athens GRE"]
[Date "2012.08.06"]
[Round "5"]
[White "Imeeva, Aisa"]
[Black "Abdumalik, Zhansaya"]
[Result "1-0"]
[WhiteElo "2095"]
[BlackElo "2193"]
[EventDate "2012.08.02"]
[PlyCount "63"]

1.e4 c5 2.Nf3 d6 3.d4 cxd4 4.Nxd4 Nf6 5.Nc3 a6 6.Be2 e5 7.Nb3 Be7 8.O-O 
O-O 9.a4 Be6 10.f4 Qc7 11.Kh1 Nbd7 12.Be3 Rac8 13.f5 Bc4 14.a5 Qc6 15.Bxc4
Qxc4 16.Ra4 Qc6 17.Qf3 Nc5 18.Rc4 Rfd8 19.g4 h6 20.g5 hxg5 21.Bxg5 Kf8 22.
Bxf6 Bxf6 23.Qh5 Ke8 24.Rd1 Be7 25.Nd5 Qb5 26.Rb4 Qc6 27.f6 gxf6 28.Nxc5 
dxc5 29.Rb6 Rxd5 30.Rxd5 Qa4 31.Qf5 Rc7 32.Rxb7 1-0

[Event "30th WCh U20 Girls"]
[Site "Athens GRE"]
[Date "2012.08.06"]
[Round "5"]
[White "Pavlidou, Ekaterini"]
[Black "Lefevre, Margaux"]
[Result "1-0"]
[WhiteElo "2237"]
[BlackElo "2043"]
[EventDate "2012.08.02"]
[PlyCount "61"]

1.d4 Nf6 2.c4 c5 3.d5 b5 4.cxb5 a6 5.bxa6 g6 6.Nc3 Bxa6 7.g3 d6 8.Bg2 Bg7 
9.Nf3 Nbd7 10.Rb1 Qa5 11.Bd2 O-O 12.O-O Nb6 13.b3 Bb7 14.a4 Qb4 15.Ng5 Qg4
16.e4 h6 17.Nh3 Rfb8 18.f3 Qd7 19.Nf2 e6 20.Bh3 Qe7 21.dxe6 fxe6 22.Re1 
Nfd7 23.Nb5 Ne5 24.f4 Nc6 25.Qg4 Kf7 26.f5 Ne5 27.fxg6+ Ke8 28.Qh5 Kd7 29.
Rbd1 Rf8 30.Bf4 Nc8 31.Bxe5 1-0

[Event "30th WCh U20 Girls"]
[Site "Athens GRE"]
[Date "2012.08.06"]
[Round "5"]
[White "Varga, Klara"]
[Black "Ibrahimova, Sabina"]
[Result "1/2-1/2"]
[WhiteElo "2181"]
[BlackElo "2091"]
[EventDate "2012.08.02"]
[PlyCount "110"]

1.c4 e5 2.g3 Nc6 3.Bg2 g6 4.Nc3 Bg7 5.e3 d6 6.Nge2 Be6 7.d3 Qd7 8.Nd5 Nd8 
9.b4 c6 10.Ndc3 Ne7 11.O-O O-O 12.Re1 d5 13.cxd5 Nxd5 14.Rb1 Nxc3 15.Nxc3 
Bh3 16.Bh1 Ne6 17.Qc2 Rfd8 18.Rd1 Bg4 19.f3 Bf5 20.Ne4 h5 21.Nf2 Nc7 22.a4
Bh6 23.e4 Bxc1 24.Rdxc1 Be6 25.b5 Rab8 26.bxc6 bxc6 27.Rxb8 Rxb8 28.Qxc6 
Rb1 29.Qc3 Rxc1+ 30.Qxc1 Na6 31.f4 Qd6 32.f5 Bd7 33.g4 Kh7 34.Qg5 Nc5 35.
gxh5 gxf5 36.exf5 Qh6 37.Qxh6+ Kxh6 38.Ng4+ Kxh5 39.Nxe5 Bxf5 40.Bf3+ Kh4 
41.d4 Nxa4 42.Nxf7 Nb6 43.Nd6 Be6 44.Nb7 Bd5 45.Bxd5 Nxd5 46.Na5 Kh3 47.
Nc4 Nf4 48.Kf2 Kxh2 49.Kf3 Nd5 50.Ke4 Ne7 51.Kf4 Kg2 52.Ne3+ Kf2 53.Nf5 
Nd5+ 54.Ke4 Nb4 55.Ne3 a5 1/2-1/2